Schaum’s outlines college physics
Salvato in:
| Autore principale: | |
|---|---|
| Natura: | Libro |
| Lingua: | inglese |
| Pubblicazione: |
McGraw-Hill Education
2012
|
| Tags: |
Aggiungi Tag
Nessun Tag, puoi essere il primo ad aggiungerne!!
|
MARC
| LEADER | 00000nam a22000007a 4500 | ||
|---|---|---|---|
| 008 | 210121b ||||| |||| 00| 0 eng d | ||
| 020 | |a 978-93-325-8484-6 | ||
| 100 | |a HECHT, Eugene | ||
| 245 | |a Schaum’s outlines college physics |c Eugene Hecht | ||
| 250 | |b 11th | ||
| 260 | |b McGraw-Hill Education |c 2012 |h New York |i 689635 – Sci.690905 690906 |l QC .H35 | ||
| 942 | |a lcc |c BK |e Mr ogunleye | ||
| 952 | |0 0 |1 0 |2 lcc |4 0 |6 QC H35 |7 0 |9 1417 |a HOL |b SL |d 2021-01-21 |l 0 |o QC .H35 |p 2021-0218 |r 2021-01-21 00:00:00 |w 2021-01-21 |y BK | ||
| 952 | |0 0 |1 0 |2 lcc |4 0 |6 QC H35 |7 0 |9 1418 |a HOL |b HOL |d 2021-01-21 |l 0 |o QC .H35 |p 2021-0219 |r 2021-01-21 00:00:00 |w 2021-01-21 |y BK | ||
| 952 | |0 0 |1 0 |2 lcc |4 0 |6 QC H35 |7 0 |9 1419 |a HOL |b HOL |d 2021-01-21 |l 0 |o QC .H35 |p 2021-0220 |r 2021-01-21 00:00:00 |w 2021-01-21 |y BK | ||
| 999 | |c 740 |d 740 | ||